<?xml version="1.0" encoding="UTF-8"?>
<collection xmlns="http://www.loc.gov/MARC21/slim">
 <record>
  <leader>01629nam a2200217Ia 4500</leader>
  <controlfield tag="001">CTU_91045</controlfield>
  <controlfield tag="008">210402s9999    xx            000 0 und d</controlfield>
  <datafield tag="020" ind1=" " ind2=" ">
   <subfield code="c">42000</subfield>
  </datafield>
  <datafield tag="082" ind1=" " ind2=" ">
   <subfield code="a">448.076</subfield>
  </datafield>
  <datafield tag="082" ind1=" " ind2=" ">
   <subfield code="b">B100</subfield>
  </datafield>
  <datafield tag="245" ind1=" " ind2="0">
   <subfield code="a">350 bài tập cap cấp tiếng Pháp : Có hướng dẫn văn phạm kèm lời giải =</subfield>
  </datafield>
  <datafield tag="245" ind1=" " ind2="0">
   <subfield code="b">350 exercise niveau superieur</subfield>
  </datafield>
  <datafield tag="245" ind1=" " ind2="0">
   <subfield code="c">Dịch giả Nguyễn Dũng</subfield>
  </datafield>
  <datafield tag="260" ind1=" " ind2=" ">
   <subfield code="a">Tp. Hồ Chí Minh</subfield>
  </datafield>
  <datafield tag="260" ind1=" " ind2=" ">
   <subfield code="b">Thanh Niên</subfield>
  </datafield>
  <datafield tag="260" ind1=" " ind2=" ">
   <subfield code="c">2004</subfield>
  </datafield>
  <datafield tag="520" ind1=" " ind2=" ">
   <subfield code="a">Cuốn sách chú trọng vào các điểm trọng yếu về phần thực hàng ngữ pháp sơ và trung cấp, đồng thời đưa vào sử dụng những cấu trúc phức tạp, nhiều sắc thái hơn, cùng việc mở rộng thêm phần từ vựng phong phú … Tất cả các dạng diễn đạt lẫn cách sử dụng đều được trình bày lô-gích, tuần tự từng bước,.. Mỗi chương sách được trình bày một cách hệ thống, nguyên tắc nhất định, ôn tập toàn bộ các dạng diễn đạt, cách sử dụng thông thường v.v… Và cuối cùng là nghiên cứu những trường hợp đặc biệt, kèm theo phần ôn tập dươí hình thức bài tập tổng hợp và các bản văn.</subfield>
  </datafield>
  <datafield tag="650" ind1=" " ind2=" ">
   <subfield code="a">Language and languages,French language</subfield>
  </datafield>
  <datafield tag="650" ind1=" " ind2=" ">
   <subfield code="x">Study and teaching,Exercise</subfield>
  </datafield>
  <datafield tag="904" ind1=" " ind2=" ">
   <subfield code="i">Mai Loan</subfield>
  </datafield>
  <datafield tag="980" ind1=" " ind2=" ">
   <subfield code="a">Trung tâm Học liệu Trường Đại học Cần Thơ</subfield>
  </datafield>
 </record>
</collection>
